广东人口最多的20个县级行政区 20 most populous county-level regions in Guangdong - Statistics

General Stats
  • This quiz has been taken 100 times
  • The average score is 17 of 20
Answer Stats
人口 地市 县区 % Correct
323 佛山市 顺德区
97%
374 广州市 白云区
95%
266 广州市 番禺区
95%
180 深圳市 南山区
95%
448 深圳市 宝安区
94%
224 广州市 天河区
94%
367 佛山市 南海区
93%
398 深圳市 龙岗区
91%
182 广州市 海珠区
91%
164 广州市 花都区
91%
155 深圳市 福田区
91%
147 广州市 增城区
90%
253 深圳市 龙华区
88%
140 惠州市 惠阳区
87%
138 珠海市 香洲区
84%
209 惠州市 惠城区
83%
150 茂名市 电白区
78%
200 揭阳市 普宁市
73%
165 汕头市 潮阳区
66%
136 湛江市 廉江市
63%
No matching quizzes found
Score Distribution
Percent of People with Each Score
Percentile by Number Answered
Your Score History
You have not taken this quiz